000 00337nam a2200145Ia 4500
005 20251222141909.0
008 251222s9999||||xx |||||||||||||| ||spa||
020 _a9584202227
082 _a986.106/C35
100 _aCastro Caycedo, Germán
245 0 _aCon las Manos en Alto:
250 _a2da.ed.
264 _bPlaneta
942 _cLIB
999 _c8334
_d8334